<?xml version="1.0" encoding="UTF-8"?>
<record
    xmlns:xsi="http://www.w3.org/2001/XMLSchema-instance"
    xsi:schemaLocation="http://www.loc.gov/MARC21/slim http://www.loc.gov/standards/marcxml/schema/MARC21slim.xsd"
    xmlns="http://www.loc.gov/MARC21/slim">

  <leader>01021nam a22002177a 4500</leader>
  <controlfield tag="003">BDDh-ASL</controlfield>
  <controlfield tag="005">20231015025727.0</controlfield>
  <controlfield tag="008">201022s1999    b  ||||| |||| 00| 0 b   d</controlfield>
  <datafield tag="040" ind1=" " ind2=" ">
    <subfield code="a">BDDh-ASL</subfield>
    <subfield code="c">BDDh-ASL</subfield>
    <subfield code="d">BDDh-ASL</subfield>
  </datafield>
  <datafield tag="041" ind1=" " ind2=" ">
    <subfield code="a">ben</subfield>
  </datafield>
  <datafield tag="082" ind1=" " ind2=" ">
    <subfield code="a">299</subfield>
    <subfield code="b">MAM</subfield>
  </datafield>
  <datafield tag="100" ind1="1" ind2=" ">
    <subfield code="a">&#x9AE;&#x9A8;&#x9CD;&#x9A1;&#x9B2;, &#x9A8;&#x9B0;&#x9C7;&#x9A8;&#x9CD;&#x9A6;&#x9CD;&#x9B0; &#x995;&#x9C1;&#x9AE;&#x9BE;&#x9B0; </subfield>
    <subfield code="9">1592</subfield>
  </datafield>
  <datafield tag="245" ind1="1" ind2="0">
    <subfield code="a">&#x9AE;&#x9B9;&#x9BE;&#x9AC;&#x9BF;&#x9B6;&#x9CD;&#x9AC;&#x9C7; &#x9AE;&#x9BE;&#x9A8;&#x9C1;&#x9B7; &#x993; &#x9A7;&#x9B0;&#x9CD;&#x9AE;/</subfield>
    <subfield code="c">&#x9A8;&#x9B0;&#x9C7;&#x9A8;&#x9CD;&#x9A6;&#x9CD;&#x9B0; &#x995;&#x9C1;&#x9AE;&#x9BE;&#x9B0; &#x9AE;&#x9A8;&#x9CD;&#x9A1;&#x9B2;&#x964; </subfield>
  </datafield>
  <datafield tag="246" ind1=" " ind2=" ">
    <subfield code="a">Mohabisse Manush o Dharmo </subfield>
  </datafield>
  <datafield tag="260" ind1=" " ind2=" ">
    <subfield code="a">&#x9A2;&#x9BE;&#x995;&#x9BE;: </subfield>
    <subfield code="b">&#x985;&#x9A8;&#x9BF;&#x9A4;&#x9CD;&#x9AF;, </subfield>
    <subfield code="c">&#x9E7;&#x9EF;&#x9EF;&#x9EF;&#x964; </subfield>
  </datafield>
  <datafield tag="300" ind1=" " ind2=" ">
    <subfield code="a">&#x9AA;&#x9C3;.&#x9E7;&#x9EA;&#x9E8;:</subfield>
    <subfield code="c">&#x9E8;&#x9E8; &#x9B8;&#x9C7;.&#x9AE;&#x9BF;.&#x964; </subfield>
  </datafield>
  <datafield tag="504" ind1=" " ind2=" ">
    <subfield code="a">&#x9A8;&#x9BF;&#x9B0;&#x9CD;&#x998;&#x9A8;&#x9CD;&#x99F; &#x9B8;&#x982;&#x9AF;&#x9C1;&#x995;&#x9CD;&#x9A4;&#x964; </subfield>
  </datafield>
  <datafield tag="650" ind1=" " ind2="0">
    <subfield code="9">1593</subfield>
    <subfield code="a">&#x985;&#x9A8;&#x9CD;&#x9AF;&#x9BE;&#x9A8;&#x9CD;&#x9AF; &#x9A7;&#x9B0;&#x9CD;&#x9AE; </subfield>
  </datafield>
  <datafield tag="650" ind1=" " ind2="0">
    <subfield code="a">&#x9AE;&#x9B9;&#x9BE;&#x9AC;&#x9BF;&#x9B6;&#x9CD;&#x9AC;, Universe, Mah&#x101;bi&#x15B;ba, cosmos &#x9AE;&#x9B9;&#x9BE;&#x9AC;&#x9BF;&#x9B6;&#x9CD;&#x9AC;, &#x9AE;&#x9B9;&#x9BE;&#x99C;&#x997;&#x9CE;, &#x9AC;&#x9BF;&#x9B6;&#x9CD;&#x9AC;&#x9AC;&#x9CD;&#x9AF;&#x9BE;&#x9AA;&#x9C0;, &#x9AC;&#x9BF;&#x9AA;&#x9C1;&#x9B2;, the Creation &#x9AE;&#x9B9;&#x9BE;&#x9AC;&#x9BF;&#x9B6;&#x9CD;&#x9AC;, &#x99C;&#x997;&#x9CE;</subfield>
    <subfield code="9">1594</subfield>
  </datafield>
  <datafield tag="942" ind1=" " ind2=" ">
    <subfield code="2">ddc</subfield>
    <subfield code="c">BK</subfield>
  </datafield>
  <datafield tag="952" ind1=" " ind2=" ">
    <subfield code="0">0</subfield>
    <subfield code="1">0</subfield>
    <subfield code="2">ddc</subfield>
    <subfield code="4">0</subfield>
    <subfield code="7">0</subfield>
    <subfield code="8">NFIC</subfield>
    <subfield code="a">ASL</subfield>
    <subfield code="b">ASL</subfield>
    <subfield code="c">GEN</subfield>
    <subfield code="d">2020-10-22</subfield>
    <subfield code="e">Complementary</subfield>
    <subfield code="l">0</subfield>
    <subfield code="o">299 MAM</subfield>
    <subfield code="p">101936</subfield>
    <subfield code="r">2020-10-22 00:00:00</subfield>
    <subfield code="t">C-1</subfield>
    <subfield code="w">2020-10-22</subfield>
    <subfield code="y">BK</subfield>
  </datafield>
  <datafield tag="952" ind1=" " ind2=" ">
    <subfield code="0">0</subfield>
    <subfield code="1">0</subfield>
    <subfield code="2">ddc</subfield>
    <subfield code="4">0</subfield>
    <subfield code="7">0</subfield>
    <subfield code="8">NFIC</subfield>
    <subfield code="a">ASL</subfield>
    <subfield code="b">ASL</subfield>
    <subfield code="c">GEN</subfield>
    <subfield code="d">2023-04-06</subfield>
    <subfield code="e">ASB Library Collection</subfield>
    <subfield code="l">0</subfield>
    <subfield code="o">299 MAM</subfield>
    <subfield code="p">120462</subfield>
    <subfield code="r">2023-04-06 00:00:00</subfield>
    <subfield code="t">C-2</subfield>
    <subfield code="w">2023-04-06</subfield>
    <subfield code="y">BK</subfield>
    <subfield code="z">Y-1999</subfield>
  </datafield>
  <datafield tag="999" ind1=" " ind2=" ">
    <subfield code="c">18721</subfield>
    <subfield code="d">18721</subfield>
  </datafield>
</record>
